Statistics for Batman Dark Knight Rises Quotes

Click here to take the quiz!

General Stats

  • This quiz has been taken 106 times
  • The average score is 10 of 15

Answer Stats

HintAnswer% Correct
Speak of the ...... and he shall appear.devil
88%
Or perhaps he's wondering why someone would ....... a man, before throwing him out of a plane?shoot
82%
It has a long uninteresting name. I just took to calling it the ....., and yes, Mr. Wayne, it does come in black.bat
81%
I was wondering what would break first your ....., or your body?spirit
81%
Your guilt has been determined. This is merely a sentencing hearing. Now, what will it be? Death or ......?exile
77%
A hero can be anyone. Even a man doing something as simple and reassuring as putting a ....... around a young boy's shoulders to let him know that the world hadn't ended.coat
76%
Calm down, Doctor! Now's not the time for ....... That comes later.fear
75%
The shadows betray you, because they ...... to me!belong
74%
We will destroy Gotham and then, when it is done and Gotham is ........, then you have my permission to dieashes
65%
Oh, you think darkness is your ally. But you merely adopted the dark; I was born in it, moulded by it. I didn't see the light until I was already a man, by then it was nothing to me but ........!blinding
63%
You don't fear death. You ......... it. Your punishment must be more severe.welcome
63%
Gotham, take ........! Take ........ of your city. This is the instrument of your liberation!control
62%
There is a prison in a more ancient part of the world, a pit where men are thrown to suffer and die. But sometimes a man rises from the ....... Sometimes the pit sends something back.darkness
56%
I'm Gotham's ......... Here to end the borrowed time you've all been living on!reckoning
55%
I told you I was ........immortal
18%

Score Distribution

Percentile by Number Answered

Percent of People with Each Score

Your Score History

You have not taken this quiz